00824nam a2200205 i 450000100060000000300090000600500170001500700030003200800410003510000280007624501770010426000340028130000220031570000470033770000300038470000330041485200320044799900170047995201220049672398ES-MaACL20230906171428.0t|040901s1968 sp ||||1| spa d1 aGirardi, Giulio.95723110aMarxismo y cristianismo / cGiulio Girardi ; el autor y su libro por Jesús Aguirre ; presentación por el Cardenal Francisco Koenig ; [versión de José Antonio Rico]. a[Madrid] : bTaurus, c[1968] a356 p. ; c17 cm.1 aAguirre, Jesús, cDuque de Alba.91255611 aKoenig, Francisco.9684411 aRico, José Antonio.997015 aES-MaACLjC-36251 bR.67320 c72398d72398 00104070aATENEOMbATENEOMcDEPO2d2008-01-17eSCl0oC-36251p1075796r2023-02-23 00:00:00w2023-02-23yMONOGRAFIA